[Event "Challenge"]
[Site "http://www.queenalice.com/game.php?id=1331056"]
[Date "2014.12.27"]
[Round "-"]
[White "vierad2"]
[Black "fenix40rj"]
[Result "1-0"]
[WhiteElo "1424"]
[BlackElo "1469"]

1. d4 Nf6 2. d5 d6 3. Nc3 c5 4. f3 e6 5. e4 Qa5 6. Bd2 Qd8 7. h4 Na6 8. g4 h6 9.
h5 exd5 10. exd5 Nb4 11. Bc4 Bd7 12. a3 Na6 13. Nh3 Qe7+ 14. Qe2 O-O-O 15. O-O-O
b5 16. Bxb5 Bxb5 17. Qxb5 Nc7 18. Qc6 Nxd5 19. Nxd5 Qd7 20. Qxd7+ Kxd7 21. Nxc7
Kxc7 22. Ba5+ Kd7 23. Bxd8 Kxd8 24. Rd5 Be7 25. g5 f6 26. f4 Kd7 27. g6 Rf8 28.
f5 Kc6 29. Nf4 Bd8 30. Rhd1 Bb6 31. Rxd6+ Kb5 32. Ne6 Re8 33. Nxg7 Rc8 34. b3 c4
35. R1d5+ Bc5 36. Ne6 cxb3 37. Nd8 Kc4 38. Rd7 Be3+ 39. Kb2 Rc5 40. cxb3+ Kb5
41. Rb7+ Ka6 42. Rd6+ Rc6 43. Rxc6+ Bb6 44. g7 1-0

[Event "Challenge"]
[Site "http://www.queenalice.com/game.php?id=1367334"]
[Date "2015.6.24"]
[Round "-"]
[White "dejami"]
[Black "vierad2"]
[Result "0-1"]
[WhiteElo "1741"]
[BlackElo "1483"]

1. e4 e5 2. Bc4 Nf6 3. d3 d5 4. exd5 Nxd5 5. Nf3 Bg4 6. Bg5 f6 7. Bd2 c6 8. O-O
Nd7 9. Qe1 Qb6 10. Bb3 g5 11. Ba5 Bb4 12. Bxb4 Nxb4 13. Qc1 O-O-O 14. Ne1 Be2
15. a3 Nd5 16. Qd2 Bxf1 17. Kxf1 h5 18. Qe2 g4 19. Nd2 f5 20. Nc4 Qc5 21. Qd2 f4
22. Qd1 b5 23. Nd2 g3 24. hxg3 fxg3 25. fxg3 Ne3+ 26. Ke2 Nxd1 27. Kxd1 Nf6 28.
Rc1 Ng4 29. Be6+ Kc7 30. Bxg4 hxg4 31. Ke2 Rh1 32. Ne4 Qg1 33. Rd1 Rf8 34. c3
Rf1 0-1

[Event "Challenge"]
[Site "http://www.queenalice.com/game.php?id=1378841"]
[Date "2015.8.21"]
[Round "-"]
[White "dejami"]
[Black "vierad2"]
[Result "0-1"]
[WhiteElo "1781"]
[BlackElo "1521"]

1. e4 e5 2. Bc4 d6 3. Qf3 Be6 4. Bb5+ c6 5. Ba4 b5 6. Bb3 d5 7. c3 Nf6 8. d3 d4
9. c4 Bg4 10. Qg3 h6 11. Qxe5+ Be7 12. f3 Nbd7 13. Qxd4 Nc5 14. fxg4 Qxd4 15.
Nc3 Nxd3+ 16. Ke2 Bc5 17. Nh3 Nxg4 18. Rf1 Ndf2 19. Nf4 b4 20. Na4 Qxe4+ 0-1

[Event "AUTO-INT-3052"]
[Site "http://www.queenalice.com/game.php?id=1383907"]
[Date "2015.9.18"]
[Round "1"]
[White "vierad2"]
[Black "glaubergouveia"]
[Result "1-0"]
[WhiteElo "1566"]
[BlackElo "1607"]

1. e4 e5 2. Nc3 Nf6 3. d3 Bb4 4. Bg5 Bxc3+ 5. bxc3 h6 6. Bxf6 Qxf6 7. Nf3 d6 8.
d4 O-O 9. c4 Bg4 10. h3 Bxf3 11. Qxf3 Qxf3 12. gxf3 exd4 13. f4 Na6 14. f5 Nc5
15. f3 Rae8 16. O-O-O a6 17. Rxd4 g6 18. Rg1 Nd7 19. f4 Kg7 20. e5 Nc5 21. f6+
Kh7 22. Bd3 Nxd3+ 23. Rxd3 dxe5 24. f5 g5 25. Rd7 Rc8 26. h4 gxh4 27. Re7 h3 28.
Rxe5 Rg8 29. Rh1 Rg3 30. Re7 Rf8 31. Rxc7 Rc3 32. Kb2 Rf3 33. Rc5 Re8 34. Rc7
Rf2 35. Rxh3 Rxf5 36. Rxf7+ Kg6 37. Rg7+ Kxf6 38. Rxb7 h5 39. Rbb3 Rc8 40. Rb6+
Kg5 41. Kb3 a5 42. a4 Kg4 43. Rh1 Rf3+ 44. c3 Rh8 45. c5 Kg3 46. Rg6+ Kf2 47. c6
Rf7 48. Kc4 h4 49. Kb5 Rb8+ 50. Kc5 Rf5+ 51. Kd6 Rd8+ 52. Ke7 Rff8 53. Rxh4 Rc8
54. c4 Rce8+ 55. Kd6 Rd8+ 56. Kc5 Rf5+ 57. Kb6 Rb8+ 58. Kc7 Ra8 59. Kb7 Raf8 60.
Rg7 Rc5 61. c7 Rf3 62. Kb6 Rff5 63. Rg8 Rce5 64. Rh6 Re3 65. c8=Q Rb3+ 66. Ka6
Rf7 67. Qc5+ Ke2 68. Rh2+ Kf1 69. Qg1# 1-0

[Event "AUTO-INT-3052"]
[Site "http://www.queenalice.com/game.php?id=1383908"]
[Date "2015.9.18"]
[Round "1"]
[White "glaubergouveia"]
[Black "vierad2"]
[Result "0-1"]
[WhiteElo "1651"]
[BlackElo "1579"]

1. e4 e5 2. Nf3 Nc6 3. Nc3 f6 4. Bb5 Nd4 5. Nxd4 exd4 6. Ne2 c5 7. Nf4 a6 8. Ba4
b5 9. Bb3 c4 10. c3 cxb3 11. Qxb3 Bb7 12. O-O dxc3 13. dxc3 Bd6 14. Rd1 Qe7 15.
Re1 Nh6 16. Bd2 Ng4 17. h3 Ne5 18. Nd5 Qe6 19. Nc7+ Bxc7 20. Qc2 Nc4 21. Bc1 f5
22. Bg5 O-O 23. exf5 Qxf5 24. Qxf5 Rxf5 25. Be7 Nxb2 26. Rab1 Nd3 27. Red1 Nf4
28. Rxd7 Rc8 29. Rbd1 Bc6 30. R7d2 Bxg2 31. Bd6 Bf3 32. Bxf4 Bxd1 33. Bxc7 Rxc7
34. Rxd1 Rxc3 35. Kg2 Rc2 36. Rf1 Rxa2 37. Kg3 h5 38. f3 b4 39. Rb1 a5 40. Rc1
b3 41. Rb1 a4 42. h4 b2 43. f4 a3 44. Kf3 Ra1 45. Rxa1 bxa1=Q 46. Ke4 g6 47. Kf3
Qe5 48. Kg3 Qxf4+ 49. Kh3 Qg4+ 50. Kh2 Rf2+ 51. Kh1 Qg2# 0-1

[Event "AUTO-INT-3052"]
[Site "http://www.queenalice.com/game.php?id=1383909"]
[Date "2015.9.18"]
[Round "1"]
[White "vierad2"]
[Black "papyrusmoon"]
[Result "1-0"]
[WhiteElo "1557"]
[BlackElo "1363"]

1. e4 e5 2. Nc3 Bc5 3. f4 exf4 4. d4 Bb4 5. Bxf4 Qh4+ 6. g3 Qe7 7. Bxc7 Qxe4+ 8.
Qe2 Qxe2+ 9. Nxe2 Nc6 10. a3 Ba5 11. Bxa5 b6 12. Nb5 Rb8 13. Bb4 Nf6 14. Nd6+
Kd8 15. Nxf7+ Ke8 16. Nxh8 d5 17. O-O-O Bf5 18. Nf4 Kd7 19. Nf7 Rf8 20. Bxf8 Ke8
21. Nd6+ Kxf8 22. Nxf5 g6 23. Ne6+ Kf7 24. Nfg7 Ne4 25. Bb5 Ne7 26. Rhf1+ Nf5
27. g4 Ng5 28. Be8+ Kg8 29. gxf5 gxf5 30. Rde1 Nxe6 31. Nxe6 h5 32. Bg6 a5 33.
Rxf5 1-0

[Event "AUTO-INT-3052"]
[Site "http://www.queenalice.com/game.php?id=1383910"]
[Date "2015.9.18"]
[Round "1"]
[White "papyrusmoon"]
[Black "vierad2"]
[Result "0-1"]
[WhiteElo "1405"]
[BlackElo "1547"]

1. e4 Nc6 2. d4 d5 3. Nc3 dxe4 4. Nxe4 Nxd4 5. c3 Bf5 6. cxd4 Bxe4 7. f3 Bg6 8.
Bc4 e6 9. Nh3 Bb4+ 10. Bd2 Qh4+ 11. Kf1 Qxd4 12. Bb5+ c6 13. Be2 Bxd2 14. Qb3
Qb4 15. Qd3 Bxd3 16. Bxd3 O-O-O 17. a3 Qxb2 18. Ke2 Bc1+ 19. Kd1 Qd2# 0-1

[Event "AUTO-INT-3052"]
[Site "http://www.queenalice.com/game.php?id=1383911"]
[Date "2015.9.18"]
[Round "1"]
[White "vierad2"]
[Black "juliobraga"]
[Result "1-0"]
[WhiteElo "1565"]
[BlackElo "1761"]

1. e4 e5 2. d3 Nf6 3. Bg5 Nc6 4. Nc3 Bc5 5. Nd5 Nxe4 6. dxe4 Qxg5 7. Nxc7+ Kd8
8. Nxa8 Qf4 9. Qd2 Qxe4+ 10. Be2 Nd4 11. O-O-O b6 12. Bf3 Nxf3 13. Nxf3 Qxa8 14.
Nxe5 Qb7 15. Nxf7+ Kc7 16. Qf4+ 1-0

[Event "AUTO-INT-3052"]
[Site "http://www.queenalice.com/game.php?id=1383912"]
[Date "2015.9.18"]
[Round "1"]
[White "juliobraga"]
[Black "vierad2"]
[Result "1-0"]
[WhiteElo "1866"]
[BlackElo "1570"]

1. e4 e5 2. Nf3 Nc6 3. Bc4 Bc5 4. Nc3 f6 5. Bxg8 Rxg8 6. O-O g5 7. Nd5 Ne7 8.
Nxf6+ Kf8 9. Nxg8 Nxg8 10. Nxe5 Nf6 11. d4 Qe8 12. dxc5 Qxe5 13. f3 Qxc5+ 14.
Kh1 h6 15. Qe2 b5 16. a4 Ba6 17. b3 Re8 18. Ba3 b4 19. Qxa6 Re6 20. Bxb4 Qxb4
21. Qc8+ Ne8 22. Qxd7 Re7 23. Qb5 Qxb5 24. axb5 c5 25. c3 Nd6 26. c4 h5 27. Rfd1
Nc8 28. Rd8+ Re8 29. Rxe8+ Kxe8 30. Kg1 Ke7 31. Rd1 a5 32. bxa6 g4 33. Rd5 gxf3
34. gxf3 h4 35. Rxc5 Na7 36. Rc7+ Kd6 37. Rxa7 Kc6 38. b4 Kb6 39. Rh7 Kxa6 40.
Rh6+ Kb7 41. b5 h3 42. c5 Kc7 43. Rh7+ Kd8 44. c6 Kc8 45. b6 Kb8 46. Rh8# 1-0

[Event "Challenge"]
[Site "http://www.queenalice.com/game.php?id=1384180"]
[Date "2015.9.19"]
[Round "-"]
[White "dejami"]
[Black "vierad2"]
[Result "1-0"]
[WhiteElo "1711"]
[BlackElo "1581"]

1. e4 e5 2. Bc4 Nf6 3. Nh3 Nxe4 4. Qh5 g6 5. Qxe5+ Qe7 6. Qxe7+ Bxe7 7. O-O O-O
8. Re1 Nd6 9. d3 Nf5 10. g4 Nd4 11. Rxe7 Nbc6 12. Bg5 Nxe7 13. Bxe7 Re8 14. Bg5
Nxc2 15. Kg2 Nxa1 16. Na3 a6 17. Bf6 h6 18. b3 b5 19. Bd5 c6 20. Bf3 b4 21. Nb1
Nc2 22. Nd2 d5 23. Bd1 Ne1+ 24. Kf1 g5 25. Ng1 Nxd3 26. Ndf3 Bxg4 27. Bc2 Re6
28. Bxd3 Rxf6 29. Ne5 Bf5 30. Bxf5 Re8 31. Ng4 d4 32. Nxf6+ Kf8 33. Nd7+ Ke7 34.
Nc5 Kf6 35. Bd3 a5 36. Nb7 Ra8 37. Bc2 Ke6 38. Nf3 Kd5 39. Nd2 c5 40. Be4+ Ke5
41. Nxc5 Rc8 42. Nd7+ Ke6 43. Nb6 Rc1+ 44. Ke2 f5 45. Bd3 g4 46. Bc4+ Kd6 47.
Kd3 Kc5 48. Na4+ Kd6 49. Kxd4 h5 50. Nb2 Rc2 51. Na4 Rxd2+ 52. Ke3 Rxa2 53. Bf7
Ke5 54. Bxh5 f4+ 55. Kd3 Kf5 56. Nc5 Rxf2 57. Be8 f3 58. Bd7+ Kf4 59. Ne6+ Ke5
60. Nd4 Rg2 61. Nc2 Kf4 62. Ne3 f2 63. Nxg2+ Kg5 64. Ke2 1-0

[Event "Challenge"]
[Site "http://www.queenalice.com/game.php?id=1397738"]
[Date "2015.12.7"]
[Round "-"]
[White "eduardocosta"]
[Black "vierad2"]
[Result "1-0"]
[WhiteElo "1728"]
[BlackElo "1589"]

1. e3 e5 2. Be2 d5 3. b3 c5 4. Bb2 Bd6 5. Nf3 Nd7 6. Bb5 f6 7. Bxd7+ Bxd7 8. d3
Bg4 9. h3 Bxf3 10. Qxf3 Ne7 11. O-O b5 12. Nc3 c4 13. Nxd5 cxd3 14. cxd3 1-0

[Event "Challenge"]
[Site "http://www.queenalice.com/game.php?id=1402924"]
[Date "2016.1.7"]
[Round "-"]
[White "vierad2"]
[Black "EdBrazil"]
[Result "0-1"]
[WhiteElo "1598"]
[BlackElo "1585"]

1. e4 e5 2. Nf3 f6 3. d4 d6 4. d5 f5 5. Bb5+ Bd7 6. Bxd7+ Nxd7 7. exf5 Ngf6 8.
Bg5 h6 9. Bxf6 Qxf6 10. g4 g5 11. fxg6 Qxg6 12. h3 e4 13. Nd4 Nc5 14. Nc3 O-O-O
15. f4 e3 16. f5 Qg5 17. h4 Qf4 18. Ne6 Qf2# 0-1

[Event "Challenge"]
[Site "http://www.queenalice.com/game.php?id=1407028"]
[Date "2016.1.31"]
[Round "-"]
[White "vierad2"]
[Black "dejami"]
[Result "0-1"]
[WhiteElo "1584"]
[BlackElo "1783"]

1. d4 g6 2. c4 Bg7 3. e4 e6 4. e5 d5 5. c5 c6 6. b4 b5 7. Nf3 f5 8. a4 a6 9. a5
g5 10. Bxg5 Qd7 11. Nh4 Qf7 12. Be2 Kf8 13. Bh5 Qc7 14. O-O Bd7 15. Qf3 Be8 16.
g4 Bxh5 17. gxh5 Bh6 18. Qf4 Qd7 19. Bf6 Bxf4 20. Bxh8 Qf7 21. Nd2 Bxd2 22. Rab1
Qxh5 23. Ng2 Nh6 24. Nf4 Bxf4 25. Kg2 Qg4+ 26. Kh1 Qf3+ 27. Kg1 Ng4 28. Bg7+
Kxg7 29. h3 Bh2# 0-1

[Event "AUTO-INT-3052"]
[Site "http://www.queenalice.com/game.php?id=1410626"]
[Date "2016.2.22"]
[Round "2"]
[White "pariolinius"]
[Black "vierad2"]
[Result "1-0"]
[WhiteElo "1757"]
[BlackElo "1563"]

1. d4 d5 2. c4 dxc4 3. Nc3 c6 4. a4 a5 5. Nf3 f6 6. Bf4 Na6 7. e3 g5 8. Bg3 b5
9. Be2 Nb4 10. O-O Bg4 11. h3 Bxf3 12. axb5 1-0

[Event "AUTO-INT-3052"]
[Site "http://www.queenalice.com/game.php?id=1410627"]
[Date "2016.2.22"]
[Round "2"]
[White "vierad2"]
[Black "pariolinius"]
[Result "0-1"]
[WhiteElo "1572"]
[BlackElo "1744"]

1. e4 d6 2. d4 Nf6 3. e5 Nd5 4. f4 dxe5 5. fxe5 c5 6. Bc4 Nc6 7. Bb5 Bd7 8. c4
Ndb4 9. a3 Na6 10. Be3 b6 11. Bxa6 e6 12. Nf3 Be7 13. d5 Na5 0-1